Specialization in juvenile careers: Markov results for a California cohort

In this paper, we examine the arrest careers through September 1985 of a highly active cohort of youth paroled by the California Youth Authority in the early 1980s. Our results are in some ways similar to and in other ways different from those reported by other researchers. We find that while adjace...

Descripción completa

Guardado en:  
Detalles Bibliográficos
Autores principales: Lattimore, Pamela K. (Autor) ; Visher, Christy A. (Autor) ; Linster, Richard L. (Autor)
Tipo de documento: Electrónico Artículo
Lenguaje:Inglés
Publicado: 1994
En: Journal of quantitative criminology
Año: 1994, Volumen: 10, Número: 4, Páginas: 291-316
Acceso en línea: Volltext (lizenzpflichtig)
Volltext (lizenzpflichtig)
Verificar disponibilidad: HBZ Gateway
Palabras clave:

MARC

LEADER 00000caa a22000002c 4500
001 1764277074
003 DE-627
005 20260430204242.0
007 cr uuu---uuuuu
008 210725s1994 xx |||||o 00| ||eng c
024 7 |a 10.1007/BF02221278  |2 doi 
035 |a (DE-627)1764277074 
035 |a (DE-599)KXP1764277074 
040 |a DE-627  |b ger  |c DE-627  |e rda 
041 |a eng 
084 |a 2,1  |2 ssgn 
100 1 |8 1\p  |a Lattimore, Pamela K.  |e VerfasserIn  |0 (DE-588)170638650  |0 (DE-627)060754982  |0 (DE-576)13150469X  |4 aut 
109 |a Lattimore, Pamela K.  |a Knox Lattimore, Pamela  |a Lattimore, Pamela Knox 
245 1 0 |a Specialization in juvenile careers: Markov results for a California cohort 
264 1 |c 1994 
336 |a Text  |b txt  |2 rdacontent 
337 |a Computermedien  |b c  |2 rdamedia 
338 |a Online-Ressource  |b cr  |2 rdacarrier 
520 |a In this paper, we examine the arrest careers through September 1985 of a highly active cohort of youth paroled by the California Youth Authority in the early 1980s. Our results are in some ways similar to and in other ways different from those reported by other researchers. We find that while adjacent transition matrices appear constant, the same cannot be said for nonadjacent matrices. We reject the first-order Markov hypothesis and find support for specialization in the statistical significance of the forward specialization coefficients. Our results also suggest that, in addition to transitions to the same type of offense, an oscillating pattern of offending is common for our subjects. We also compare the transition matrices of three racial/ethnic and four regional groups. These results indicate differences in the patterns of offending by the racial/ethnic groups in our sample and similar offense-transition behavior in three of the four regions that differs significantly from that of the fourth region. 
650 4 |a Stationarity 
650 4 |a Markov processes 
650 4 |a juvenile careers 
650 4 |a offense specialization 
700 1 |8 2\p  |a Visher, Christy A.  |e VerfasserIn  |0 (DE-588)1212475143  |0 (DE-627)1701981459  |0 (DE-576)164723919  |4 aut 
700 1 |a Linster, Richard L.  |e VerfasserIn  |4 aut 
773 0 8 |i Enthalten in  |t Journal of quantitative criminology  |d New York, NY [u.a.] : Springer Science + Business Media B.V., 1985  |g 10(1994), 4, Seite 291-316  |h Online-Ressource  |w (DE-627)320578003  |w (DE-600)2017241-2  |w (DE-576)104082321  |x 1573-7799  |7 nnas 
773 1 8 |g volume:10  |g year:1994  |g number:4  |g pages:291-316 
787 0 8 |i Forschungsdaten  |a Linster, Richard L.  |t Frequency of Arrest of the Young, Chronic, Serious Offender Using Two Male Cohorts Paroled by the California Youth Authority, 1981-1982 and 1986-1987  |d [Erscheinungsort nicht ermittelbar] : [Verlag nicht ermittelbar], 1999  |w (DE-627)1840065176 
856 4 0 |u http://link.springer.com/openurl/pdf?id=doi:10.1007/BF02221278  |x Verlag  |z lizenzpflichtig  |3 Volltext  |7 1 
856 4 0 |u https://doi.org/10.1007/BF02221278  |x Resolving-System  |z lizenzpflichtig  |3 Volltext  |7 1 
883 |8 1\p  |a cgwrk  |d 20241001  |q DE-101  |u https://d-nb.info/provenance/plan#cgwrk 
883 |8 2\p  |a cgwrk  |d 20241001  |q DE-101  |u https://d-nb.info/provenance/plan#cgwrk 
889 |w (DE-627)1912709406 
935 |a mkri 
951 |a AR 
ELC |a 1 
LOK |0 000 xxxxxcx a22 zn 4500 
LOK |0 001 3957450497 
LOK |0 003 DE-627 
LOK |0 004 1764277074 
LOK |0 005 20260430091033 
LOK |0 008 210725||||||||||||||||ger||||||| 
LOK |0 035   |a (DE-2619)KrimDok#2021-07-24#B967EF1345814D8EA817041FFE315D60655D2C41 
LOK |0 035   |a (DE-2619)ICPSR18255 
LOK |0 040   |a DE-2619  |c DE-627  |d DE-2619 
LOK |0 092   |o n 
LOK |0 852   |a DE-2619 
LOK |0 852 1  |9 00 
LOK |0 935   |a zota  |a nacp 
LOK |0 939   |a 2021-07-25  |b l01 
ORI |a WA-MARC-krimdoka001.raw